000 00696nam a22002177a 4500
005 20160726161409.0
010 _aENG-115540
020 _a9788192512174
_c1100.00
020 _a8192512177
_c1100.00
035 _aEN-99072
037 _bDBAD/PUB
082 _a280.21
100 _aSpalding,B.J.
245 _aBible history of the old and new testaments with Compendium history /
_cby B.J. Spalding [and] Johan A. Dillon
260 _aNew Delhi
_bChristian World Imprints
_c2013
270 _aH-12,Bali Nagar
_bNew Delhi
_e110015
300 _aiv,332p.
_c23cm(Hb)
490 _aChristian Classics Revived-2
700 _aDillon John A.
942 _2ddc
_cEN
_h280.21
_mSPA
999 _c101490
_d101490